Country Facts: True or False? - Statistics

General Stats
  • This quiz has been taken 108 times
  • The average score is 10 of 15
Answer Stats
Question Answer % Correct
Switzerland is a landlocked country True
87%
Belgium is in a region of Europe called Scandinavia False
86%
Equatorial Guinea is a country located in Oceania False
85%
The population of the United Kingdom is over 50 million people. True
85%
Italy borders the Black Sea False
82%
Belize is an island nation False
80%
India is the most populated country in the world. False
79%
Canada is the largest country in the western hemisphere True
79%
The Island New Guinea is shared by Papua New Guinea and Indonesia True
75%
East Timor is an island nation True
69%
Iran is a country that is above the average global GDP per capita. False
64%
Mongolia borders only 3 countries False
59%
China is the country with the largest GDP (NOT using the PPP Method) False
44%
In Sweden, Minecraft is part of the national school curriculum. True
42%
Parts of the United States are the same latitude as South Sudan False
22%
No matching quizzes found
Score Distribution
Percent of People with Each Score
Percentile by Number Answered
Your Score History
You have not taken this quiz